• 首页
  • 本馆介绍
  • 公告通知
  • 最新文献
  • 馆藏检索
  • 电子资源
  • 读者导购
  • 参考咨询
  • 我的图书馆
  • 登录
  • 详细信息显示
  • 放入我的书架
  • 预约/预借图书
  • 作者相关作品
  • 分类相关作品
  • 丛书相关作品
  • 出版社相关作品

书目信息

  • 表格格式
  • 工作单格式
  • 卡片格式
题名:
中国大屋顶
    
 
作者: 魏克晶 著
分册:  
出版信息: 北京   清华大学出版社  2018
页数: 217页
开本: 23cm
丛书名:
单 册:
中图分类: TU-092.2
科图分类:
主题词: 古建筑--屋顶--建筑艺术--中国
电子资源:
ISBN: 978-7-302-49777-6
000 00781nam0 2200229 450
001 4622
005 20181015083532.26
010    @a978-7-302-49777-6@dCNY78.00
100    @a20180612d2018 em y0chiy50 ea
101 0  @achi
102    @aCN@b110000
105    @aa z 000yy
200 1  @a中国大屋顶@9zhong guo da wu ding@dTraditional Chinese roof@f魏克晶著@zeng
210    @a北京@c清华大学出版社@d2018
215    @a217页@c图@d23cm
330    @a本书集作者多年研究、考察和文物建筑修缮实践之成果,系统介绍中国古建筑屋顶的类型、构造、装饰和维护等内容。
510 1  @aTraditional Chinese roof@zeng
606 0  @a古建筑@x屋顶@x建筑艺术@y中国
690    @aTU-092.2@v5
701  0 @a魏克晶@9wei ke jing@f(1940-2018)@4著
801  0 @aCN@b91MARC@c20180612
905    @aMuseLib@dTU-092.2@e204
    
    中国大屋顶=Traditional Chinese roof/魏克晶著.-北京:清华大学出版社,2018
    217页:图;23cm
    
    
    ISBN 978-7-302-49777-6:CNY78.00
    本书集作者多年研究、考察和文物建筑修缮实践之成果,系统介绍中国古建筑屋顶的类型、构造、装饰和维护等内容。
●
相关链接 在E读中查询图书 在五车中查询图书 在当当中查询图书 在豆瓣中查询图书


正题名:中国大屋顶     索取号:TU-092.2/204         预约/预借

序号 登录号 条形码 馆藏地/架位号 状态 备注
1 1126019   211260197   第二样本阅览室/ [索取号:TU-092.2/204] 在馆    
2 1126020   211260204   第三借阅区/ [索取号:TU-092.2/204] 在馆    
3 1126021   211260213   第三借阅区/ [索取号:TU-092.2/204] 在馆    
4 1126022   211260222   密集书库-资源管理系/ [索取号:TU-092.2/204] 在馆    
唐山师范学院图书馆 欢迎您!
大连网信软件有限公司© 版权所有